Statistiques concernant ancien regime

Cliquez ici pour prendre le quiz!

Statistiques générales

  • Ce quiz a été pris 3 fois
  • Le résultat moyen est 3 sur 10

Statistiques - réponses

indiceréponse% Correct
Début du règne de François Ier1515
100%
Dernière convocation des Etats-généraux1614
100%
Début du règne de Louis XIV1643
100%
Début du siècle des lumières1700-17 juin 1789
100%
1515-17 juin 1789Ancien régime
100%
1643Début du règne de Louis XIV
100%
Ouverture des Etats- généraux5 mai 1789
50%
Ancien régime1515- 17 juin 1789
0%
Les six livre de la République, Jean Bodin1576
0%
L’Esprit des loi, Montesquieu1748
0%
Encyclopédie1750-1772
0%
Contrat social, Rousseau1762
0%
Séance de la Flagellation3 mars 1776
0%
Le roi accède à la demande de réunion des Etats-généraux8 août 1788
0%
Les députés doivent se constituer en ordre = refus des députés du Tiers-Etats8 mai 1789
0%
1762Contrat social, Rousseau
0%
1515Début du règne de François Ier
0%
1700-17 juin 1789Début du siècle des lumières
0%
1614Dernière convocation des Etats-généraux
0%
1750-1772Encyclopédie
0%
8 août 1788Le roi accède à la demande de réunion des Etats-généraux
0%
8 mai 1789Les députés doivent se constituer en ordre = refus des députés du Tiers-Etats
0%
1748L’Esprit des loi, Montesquieu
0%
1576Les six livre de la République, Jean Bodin
0%
5 mai 1789Ouverture des Etats- généraux
0%
3 mars 1776Séance de la Flagellation
0%

Distribution des résultats

Percentile par nombre de réponses

% des personnes avec chaque résultat

Votre développement - résultats

Vous n’avez pas pris ce quiz